Curb Your Enthusiasm - Every Episode - Statistics

General Stats
  • This quiz has been taken 40 times
  • The average score is 22 of 121
Answer Stats
Season/Episode Name % Correct
S1 E1 The Pants Tent
74%
Special Larry David: Curb Your Enthusiasm
57%
S1 E2 Ted and Mary
57%
S2 E7 The Doll
57%
S1 E6 The Wire
52%
S1 E9 Affirmative Action
43%
S1 E8 Beloved Aunt
43%
S8 E3 Palestinian Chicken
43%
S1 E3 Porno Gil
43%
S4 E6 The Car Pool Lane
43%
S2 E1 The Car Salesman
43%
S5 E8 The Ski Lift
43%
S2 E2 Thor
43%
S2 E8 Shaq
39%
S2 E6 The Acupuncturist
39%
S1 E7 AAMCO
35%
S9 E10 Fatwa!
35%
S7 E10 Seinfeld
35%
S2 E9 The Baptism
35%
S5 E10 The End
35%
S7 E3 The Reunion
35%
S2 E3 Trick or Treat
35%
S3 E1 Chet's Shirt
30%
S6 E1 Meet the Blacks
30%
S7 E7 The Black Swan
30%
S3 E7 The Corpse-Sniffing Dog
30%
S8 E1 The Divorce
30%
S5 E9 The Korean Bookie
30%
S2 E4 The Shrimp Incident
30%
S10 E10 The Spite Store
30%
S4 E10 Opening Night
26%
S1 E4 The Bracelet
26%
S5 E7 The Seder
26%
S6 E7 The TiVo Guy
26%
S7 E2 Vehicular Fellatio
26%
S4 E8 Wandering Bear
26%
S1 E5 Interior Decorator
22%
S5 E4 Kamikaze Bingo
22%
S8 E10 Larry vs. Michael J. Fox
22%
S5 E5 Lewis Needs a Kidney
22%
S12 E10 No Lessons Learned
22%
S4 E5 The 5 Wood
22%
S3 E2 The Benadryl Brownie
22%
S3 E10 The Grand Opening
22%
S1 E10 The Group
22%
S6 E3 The Ida Funkhouser Roadside Memorial
22%
S5 E1 The Larry David Sandwich
22%
S7 E9 The Table Read
22%
S8 E8 Car Periscope
17%
S7 E5 Denise Handicap
17%
S3 E8 Krazee-Eyez Killa
17%
S4 E1 Mel's Offer
17%
S6 E5 The Freak Book
17%
S12 E2 The Lawn Jockey
17%
S12 E1 Atlanta
13%
S4 E2 Ben's Birthday Party
13%
S9 E1 Foisted!
13%
S10 E1 Happy New Year
13%
S12 E9 Ken/Kendra
13%
S8 E9 Mister Softee
13%
S7 E8 Officer Krupke
13%
S6 E10 The Bat Mitzvah
13%
S8 E7 The Bi-Sexual
13%
S3 E6 The Special Section
13%
S2 E5 The Thong
13%
S10 E7 The Ugly Section
13%
S3 E3 Club Soda and Salt
9%
S12 E4 Disgruntled
9%
S12 E5 Fish Stuck
9%
S9 E6 The Accidental Text on Purpose
9%
S6 E2 The Anonymous Donor
9%
S7 E6 The Bare Midriff
9%
S4 E3 The Blind Date
9%
S5 E2 The Bowtie
9%
S5 E3 The Christ Nail
9%
S12 E7 The Dream Scheme
9%
S3 E4 The Nanny from Hell
9%
S6 E8 The N Word
9%
S6 E6 The Rat Dog
9%
S9 E9 The Shucker
9%
S8 E4 The Smiley Face
9%
S5 E6 The Smoking Jacket
9%
S6 E9 The Therapists
9%
S4 E4 The Weatherman
9%
S10 E4 You're Not Going to Get Me to Say Anything Bad About Mickey
9%
S11 E2 Angel Muffin
4%
S10 E3 Artificial Fruit
4%
S10 E8 Elizabeth, Margaret and Larry
4%
S7 E1 Funkhouser's Crazy Sister
4%
S11 E9 Igor, Gregor, and Timor
4%
S10 E5 Insufficient Praise
4%
S11 E5 IRASSHAIMASE!
4%
S11 E7 Irma Kostroski
4%
S3 E9 Mary, Joseph and Larry
4%
S9 E7 Namaste
4%
S9 E8 Never Wait for Seconds!
4%
S12 E8 The Colostomy Bag
4%
S11 E1 The Five-Foot Fence
4%
S12 E6 The Gettysburg Address
4%
S8 E6 The Hero
4%
S2 E10 The Massage
4%
S11 E10 The Mormon Advantage
4%
S4 E7 The Surrogate
4%
S4 E9 The Survivor
4%
S3 E5 The Terrorist Attack
4%
S11 E4 The Watermelon
4%
S12 E3 Vertical Drop, Horizontal Tug
4%
S8 E5 Vow of Silence
4%
S9 E3 A Disturbance in the Kitchen
0%
S10 E9 Beep Panic
0%
S11 E6 Man Fights Tiny Woman
0%
S9 E4 Running with the Bulls
0%
S10 E2 Side Sitting
0%
S9 E5 Thank You for Your Service
0%
S7 E4 The Hot Towel
0%
S6 E4 The Lefty Call
0%
S11 E3 The Mini Bar
0%
S9 E2 The Pickle Gambit
0%
S8 E2 The Safe House
0%
S10 E6 The Surprise Party
0%
S11 E8 What Have I Done?
0%
No matching quizzes found
Score Distribution
Percent of People with Each Score
Percentile by Number Answered
Your Score History
You have not taken this quiz